00447nam a2200133 a 450000100100000000500170001000800410002704000250006804100130009310000310010624500880013726000670022530000210029200003823420201002031215.0130405s1996 xxu 000 0 spa d aDO-SdBNPbspacBNPHU17aspabeng1 aTorres Veras, Mayobanex A.10aSecret tips to succeed in a resident training program /cMayobanex A. Torres Veras. aNew York, EE. UU. :bFénix Promotions & Advertinding,c1996. a209 p. ;c22 cm.